[Event "Gora Sw Anny op 3rd"]
[Site "Gora Sw Anny"]
[Date "2010.02.09"]
[Round "3"]
[White "Smal, Tobiasz"]
[Black "Klukiewicz, Piotr"]
[Result "1/2-1/2"]
[WhiteElo "1553"]
[BlackElo "2049"]
[PlyCount "76"]
[EventDate "2010.02.08"]
[EventType "swiss"]
[EventRounds "9"]
[EventCountry "POL"]
[SourceTitle "CBM 135 Extra"]
[Source "ChessBase"]
[SourceDate "2010.05.04"]
[SourceVersion "1"]
[SourceVersionDate "2010.05.04"]
[SourceQuality "1"]

1. e4 c5 2. Nf3 Nc6 3. d4 cxd4 4. Nxd4 g6 5. Nc3 Bg7 6. Be3 d6 7. f3 Nf6 8. Qd2 0-0 9. 0-0-0 a6 10. g4 Nxd4 11. Bxd4 b5 12. h4 h5 13. gxh5 Nxh5 14. Bxg7 Kxg7 15. Rg1 b4 16. Nd5 e6 17. Nxb4 a5 18. Nc6 Qxh4 19. Qxd6 Bb7 20. Nd4 Rfd8 21. Qc7 Rxd4 22. Qe5+ Qf6 23. Qxf6+ Kxf6 24. Rxd4 Ba6 25. Bxa6 Rxa6 26. Ra4 Nf4 27. Kd2 g5 28. Ke3 e5 29. b4 Rc6 30. Rc1 Rc3+ 31. Kd2 Rxf3 32. bxa5 Rf2+ 33. Ke1 Re2+ 34. Kf1 g4 35. Ra3 Rh2 36. Ke1 Rh1+ 37. Kd2 Rh2+ 38. Ke1 Rh1+ 1/2-1/2

[Event "Gora Sw Anny op 3rd"]
[Site "Gora Sw Anny"]
[Date "2010.02.08"]
[Round "1"]
[White "Jozkow, Kacper"]
[Black "Klukiewicz, Piotr"]
[Result "0-1"]
[WhiteElo "1636"]
[BlackElo "2049"]
[PlyCount "86"]
[EventDate "2010.02.08"]
[EventType "swiss"]
[EventRounds "9"]
[EventCountry "POL"]
[SourceTitle "CBM 135 Extra"]
[Source "ChessBase"]
[SourceDate "2010.05.04"]
[SourceVersion "1"]
[SourceVersionDate "2010.05.04"]
[SourceQuality "1"]

1. e4 g6 2. d4 Bg7 3. f4 h5 4. Nf3 Nh6 5. Bc4 c6 6. Nc3 b5 7. Bb3 Qb6 8. Ne2 c5 9. c3 b4 10. h3 Ba6 11. Be3 bxc3 12. Nxc3 c4 13. Nd5 Qb7 14. Bc2 e6 15. Nc3 Qxb2 16. Na4 Qa3 17. Bc1 Qd6 18. Nc5 Bc8 19. e5 Qc7 20. Qe2 d5 21. exd6 Qxd6 22. Qxc4 Nd7 23. Ne4 Qa6 24. Qb4 Bf8 25. Qc3 Nf5 26. a3 Bb7 27. Bd3 Qc6 28. Nc5 Nxc5 29. dxc5 Bg7 30. Qb3 0-0 31. Rb1 Ba6 32. Bxa6 Qxa6 33. Qb5 Bc3+ 34. Kf2 Qc8 35. Qc4 Nd6 36. Qd3 Qxc5+ 37. Be3 Qd5 38. Qxd5 exd5 39. Rhd1 Ne4+ 40. Kf1 Ba5 41. Rb7 Bb6 42. Bxb6 axb6 43. Rd3 Nc5 0-1

[Event "Gora Sw Anny op 3rd"]
[Site "Gora Sw Anny"]
[Date "2010.02.08"]
[Round "2"]
[White "Klukiewicz, Piotr"]
[Black "Matuszewski, Maciej"]
[Result "1/2-1/2"]
[WhiteElo "2049"]
[BlackElo "1558"]
[PlyCount "54"]
[EventDate "2010.02.08"]
[EventType "swiss"]
[EventRounds "9"]
[EventCountry "POL"]
[SourceTitle "CBM 135 Extra"]
[Source "ChessBase"]
[SourceDate "2010.05.04"]
[SourceVersion "1"]
[SourceVersionDate "2010.05.04"]
[SourceQuality "1"]

1. c4 f5 2. d4 Nf6 3. Nc3 g6 4. g3 Bg7 5. Bg2 0-0 6. Nf3 d6 7. d5 Na6 8. 0-0 Qe8 9. Ng5 h6 10. Ne6 Bxe6 11. dxe6 c6 12. e4 fxe4 13. Nxe4 Nxe4 14. Bxe4 Nc5 15. Bc2 Rf6 16. Be3 Rxe6 17. Bxc5 dxc5 18. Qg4 Qf7 19. Rae1 Rf6 20. Qd7 e6 21. Rd1 Rf8 22. Qxf7+ R8xf7 23. Rd8+ Rf8 24. Rd7 R6f7 25. Rd6 Rf6 26. Rd7 R6f7 27. Rd6 Rf6 1/2-1/2

[Event "POL-chT 2nd League"]
[Site "Wysowa"]
[Date "2005.09.03"]
[Round "8.74"]
[White "Sapeta, Robert"]
[Black "Klukiewicz, Piotr"]
[Result "1/2-1/2"]
[WhiteElo "2133"]
[BlackElo "2148"]
[PlyCount "99"]
[EventDate "2005.08.27"]
[EventType "team-swiss"]
[EventRounds "9"]
[EventCountry "POL"]
[SourceTitle "EXT 2019"]
[Source "ChessBase"]
[SourceDate "2018.10.10"]
[SourceVersion "1"]
[SourceVersionDate "2018.10.10"]
[SourceQuality "1"]
[WhiteTeam "Pawlowice GKS Pniowek 74"]
[BlackTeam "Wroclaw AZS Politechnika"]
[WhiteTeamCountry "POL"]
[BlackTeamCountry "POL"]

1. d4 g6 2. e4 Bg7 3. Nc3 c6 4. Bc4 d6 5. Nf3 Nf6 6. Bg5 h6 7. Bh4 b5 8. Bd3 0-0 9. h3 b4 10. Ne2 c5 11. e5 Ne8 12. dxc5 d5 13. Ned4 Qc7 14. c6 g5 15. Bg3 Nxc6 16. Qe2 Nxd4 17. Nxd4 Qb6 18. 0-0-0 Nc7 19. Nf5 Bxf5 20. Bxf5 Qa6 21. Qxa6 Nxa6 22. Bg4 e6 23. h4 Nc5 24. hxg5 hxg5 25. f3 Rfc8 26. Rh5 Kf8 27. Kb1 Rc7 28. Rxg5 Rac8 29. Rh5 a5 30. Rhh1 Nd7 31. f4 Rxc2 32. Rc1 Rxc1+ 33. Rxc1 Rxc1+ 34. Kxc1 Ke8 35. Kc2 Bf8 36. Bh5 Bc5 37. Kb3 Nb6 38. Be2 a4+ 39. Kc2 Nc4 40. b3 Ne3+ 41. Kd3 axb3 42. axb3 Nxg2 43. Bf3 Ne3 44. Bf2 d4 45. Bxe3 dxe3 46. Kc4 e2 47. Bxe2 Be3 48. Kd3 Bxf4 49. Ke4 Bh2 50. Bb5+ 1/2-1/2

[Event "POL-chT 2nd League"]
[Site "Polanica Zdroj"]
[Date "2004.09.10"]
[Round "9"]
[White "Organisciak, Wojciech"]
[Black "Klukiewicz, Piotr"]
[Result "0-1"]
[WhiteElo "2072"]
[BlackElo "2147"]
[PlyCount "53"]
[EventDate "2004.09.04"]
[EventType "team-swiss"]
[EventRounds "11"]
[EventCountry "POL"]
[SourceTitle "CBM 102 Extra"]
[Source "ChessBase"]
[SourceDate "2004.11.03"]
[SourceVersion "1"]
[SourceVersionDate "2004.11.03"]
[SourceQuality "1"]
[WhiteTeam "Rzeszow Zelmer II"]
[BlackTeam "Wroclaw AZS Politechnika"]
[WhiteTeamCountry "POL"]
[BlackTeamCountry "POL"]

1. e4 g6 2. d4 Bg7 3. Nc3 c6 4. Nf3 d5 5. Be2 Bg4 6. Be3 dxe4 7. Nxe4 Nf6 8. Nxf6+ Bxf6 9. h3 Bxf3 10. Bxf3 0-0 11. 0-0 e6 12. Qd2 Nd7 13. Rac1 Nb6 14. c4 Qe7 15. b4 Rfd8 16. Be4 Qe8 17. f4 Rd7 18. Qf2 Rad8 19. Rfd1 Qf8 20. a3 Bg7 21. d5 exd5 22. cxd5 cxd5 23. Bxb6 axb6 24. Qxb6 Rd6 25. Qxb7 dxe4 26. Rxd6 Rxd6 27. Qxe4 0-1

[Event "POL-chT 2nd League"]
[Site "Polanica Zdroj"]
[Date "2004.09.04"]
[Round "1"]
[White "Klukiewicz, Piotr"]
[Black "Szromba, Krzysztof"]
[Result "1/2-1/2"]
[WhiteElo "2147"]
[BlackElo "2193"]
[PlyCount "56"]
[EventDate "2004.09.04"]
[EventType "team-swiss"]
[EventRounds "11"]
[EventCountry "POL"]
[SourceTitle "CBM 102 Extra"]
[Source "ChessBase"]
[SourceDate "2004.11.03"]
[SourceVersion "1"]
[SourceVersionDate "2004.11.03"]
[SourceQuality "1"]
[WhiteTeam "Wroclaw AZS Politechnika"]
[BlackTeam "Krakow Korona"]
[WhiteTeamCountry "POL"]
[BlackTeamCountry "POL"]

1. c4 f5 2. Nc3 Nf6 3. g3 g6 4. Bg2 Bg7 5. d4 0-0 6. Nf3 d6 7. 0-0 Qe8 8. d5 a5 9. Nd4 Na6 10. Rb1 Bd7 11. a3 a4 12. Ne6 Bxe6 13. dxe6 Nc5 14. Be3 Nfe4 15. Bxe4 Nxe4 16. Nxe4 fxe4 17. Qd5 Qc6 18. b4 Rf5 19. b5 Qxd5 20. cxd5 Rxd5 21. Rfc1 Rc8 22. Rb4 Re5 23. Bb6 Rxe6 24. Rxa4 Re5 25. Rxc7 Rxc7 26. Bxc7 Rxb5 27. Rxe4 Kf7 28. a4 Rb1+ 1/2-1/2

[Event "Polanica Zdroj op"]
[Site "Polanica Zdroj"]
[Date "1994.??.??"]
[Round "?"]
[White "Klukiewicz, Piotr"]
[Black "Matlak, Marek"]
[Result "0-1"]
[WhiteElo "2105"]
[BlackElo "2485"]
[PlyCount "56"]
[EventDate "1994.??.??"]
[EventType "swiss"]
[EventRounds "10"]
[EventCountry "POL"]
[SourceTitle "EXT 1998"]
[Source "ChessBase"]
[SourceDate "1997.11.17"]
[SourceVersion "1"]
[SourceVersionDate "1997.11.17"]
[SourceQuality "1"]

1. c4 e6 2. g3 d5 3. Bg2 g6 4. Nf3 Bg7 5. 0-0 Ne7 6. d3 0-0 7. Nc3 d4 8. Nb5 a6 9. Na3 c5 10. Nc2 Nbc6 11. a3 b5 12. Rb1 bxc4 13. dxc4 Rb8 14. b4 e5 15. Nd2 Be6 16. bxc5 Rxb1 17. Nxb1 Qa5 18. Nb4 Rc8 19. Bd2 Qxc5 20. Qa4 Nxb4 21. Bxb4 Qxc4 22. Nd2 Qc2 23. Qxa6 Nd5 24. Qb7 Nxb4 25. Qxb4 Bf8 26. Qa5 Rc5 27. Be4 Qa2 28. Qb4 Rc3 0-1